The Mathematical Foundations of Quantum Mechanics : A Lecture-Note Volume

Αποθηκεύτηκε σε:
Λεπτομέρειες βιβλιογραφικής εγγραφής
Κύριος συγγραφέας: Mackey, George Whitelaw 1916-
Μορφή: Βιβλίο
Γλώσσα:English
Δημοσίευση: Reading, Massachusetts : The Benjamin/Cummings, 1980
Σειρά:The mathematical physics monograph series
Θέματα:
Ετικέτες: Προσθήκη ετικέτας
Δεν υπάρχουν, Καταχωρήστε ετικέτα πρώτοι!

MARC

LEADER 00000nam a2200000 i 4500
001 1/43411
008 941103s1980 eng d
020 |a 0-8053-6701-2 
035 |a 1990  |c ΦΛΕΣΣΑΣ  |l 10042020 
040 |a GR-MY-UA  |b gre  |e aacr 
041 0 |a eng 
082 0 |a 530.12 
100 1 |a Mackey, George Whitelaw  |d 1916- 
245 1 4 |a The Mathematical Foundations of Quantum Mechanics :  |b A Lecture-Note Volume /  |c George W. Mackey 
260 |a Reading, Massachusetts :   |b The Benjamin/Cummings,   |c 1980 
300 |a 137 p.;  |c 23 cm. 
490 1 |a The Mathematical Physics Monograph Series 
650 0 0 |a Quantum theory. 
830 0 |a The mathematical physics monograph series 
852 |a INST  |b SAMOS  |e 19941103  |h 530.12 MAC  |p 005300003985  |q 005300003985  |t BK  |y 0 
909 |a Σ  |b 018925